000 00716nam a2200289Ia 4500
005 20260324135902.0
008 008 260324s9999 xx 000 0 eng d
020 _a9781315223469
037 _aEBOOK
040 _aCRL
040 _beng
040 _cCRL
041 _2eng
041 _aeng
084 _qCRL
100 _aYael Danieli; Elsa Stamatopoulou; Clarence Dias
_91202289
245 4 _aThe Universal Declaration of Human Rights
245 0 _bFifty Years and Beyond
260 _bTaylor and Francis
260 _c1999
365 _a
365 _b220
856 _uhttp://www.taylorfrancis.com/books/9781315223469
942 _cEBOOK
999 _c1803819
_d1803819